=LDR 00000nam 2200000 4500 =001 000282 =990 ##$$a TBM202500090 =005 20250710125429 =035 ##$$a 0010-0725000123 =245 1#$$a Steven Sakit /$c Hello English =100 #$$a English, Hello =250 ##$$a Cetakan Pertama =300 ##$$a 26 hlm : $b ilus. ; $c 29,7 cm =856 ##$$a TBM AS SUHADA =260 ##$$a Jakarta Timur :$b Badan Pengembangan dan Pembinaan Bahasa,$c 2022 =082 ##$$a 398.209 598 =084 ##$$a 398.209 598 ENG s =020 ##$$a 978-623-307-363-9 =600 #4$$a Cerita anak Indonesia - Terjemahan =650 #4$$a Literasi-Bahan Bacaan